000
003270000a22001570004500
001
004675
003
MACL
040
_a
MACL
090
_c
16668
_d
16667
100
_a
Puri, Manohar
245
_a
Art Of Reporting
_c
Manohar Puri
260
_a
Pragun Publication,
_c
2006
350
_a
925
650
_a
Media
942
_k
70
_c
Book
999
_c
16562
_d
16562